Statistics for Plants vs. Zombies 1 - Plants

Click here to take the quiz!

General Stats

  • This quiz has been taken 67 times
  • The average score is 38 of 56

Answer Stats

Time/Place/MinigamePlant% Correct
DayPeashooter
100%
DaySunflower
96%
DayWall-nut
91%
PoolLily Pad
89%
DayPotato Mine
87%
PoolTall-nut
87%
DayCherry Bomb
85%
DayRepeater
85%
NightSun-shroom
84%
DayChomper
80%
NightDoom-shroom
80%
NightPuff-shroom
78%
NightScaredy-shroom
78%
PoolThreepeater
78%
FogCactus
75%
UpgradeCattail
75%
NightIce-shroom
75%
RoofMelon-pult
75%
FogPumpkin
75%
DaySnow Pea
75%
RoofCabbage-pult
73%
PoolJalapeno
73%
RoofMarigold
73%
PoolSquash
73%
FogBlover
71%
NightHypno-shroom
71%
FogMagnet-shroom
71%
NightFume-shroom
69%
RoofKernel-pult
69%
FogPlantern
69%
PoolSpikeweed
69%
UpgradeTwin Sunflower
69%
RoofCoffee Bean
67%
UpgradeGatling Pea
67%
PoolTorchwood
67%
UpgradeWinter Melon
67%
UpgradeCob Cannon
65%
FogStarfruit
65%
UpgradeGloom-shroom
64%
NightGrave Buster
64%
PoolTangle Kelp
64%
RoofGarlic
60%
RoofFlower Pot
58%
FogSea-shroom
58%
UpgradeSpikerock
58%
UpgradeGold Magnet
56%
RoofUmbrella Leaf
56%
FogSplit Pea
53%
BowlingExplode-O-Nut
49%
Bowling 2/Big TimeGiant Wall-nut
44%
OthersImitater
44%
VasebreakerReverse Repeater
35%
W-i-S-d-O-mTree Of Wisdom
35%
Big TimeGiant Sunflower
33%
Big TimeGiant Marigold
29%
Zen GardenSprout
22%

Score Distribution

Percentile by Number Answered

Percent of People with Each Score

Your Score History

You have not taken this quiz